[Event "AsianNationCup2018-WomenRapid"]
[Site "?"]
[Date "2018.07.27"]
[Round "6.8"]
[White "Vaishali, R"]
[Black "Baymuratova, Sevara"]
[Result "0-1"]
[BlackElo "2129"]
[WhiteElo "2062"]
[LiveChessVersion "1.4.8"]

1. e4 {[%clk 0:15:15]} c5 {[%clk 0:15:18]} 2. Nc3 {[%clk 0:15:23]} Nc6
{[%clk 0:15:25]} 3. Nf3 {[%clk 0:15:28]} d6 {[%clk 0:15:24]} 4. d4
{[%clk 0:15:27]} cxd4 {[%clk 0:15:32]} 5. Nxd4 {[%clk 0:15:35]} Nf6
{[%clk 0:15:40]} 6. Be2 {[%clk 0:15:42]} g6 {[%clk 0:15:34]} 7. O-O
{[%clk 0:15:41]} Bg7 {[%clk 0:15:43]} 8. Nb3 {[%clk 0:15:49]} O-O
{[%clk 0:15:50]} 9. Re1 {[%clk 0:15:58]} a5 {[%clk 0:15:12]} 10. a4
{[%clk 0:15:37]} Be6 {[%clk 0:15:14]} 11. Bf1 {[%clk 0:14:42]} Rc8
{[%clk 0:15:06]} 12. Nd5 {[%clk 0:12:00]} Ne5 {[%clk 0:09:35]} 13. Bd2
{[%clk 0:08:49]} b6 {[%clk 0:09:01]} 14. Be3 {[%clk 0:07:53]} Nxd5
{[%clk 0:07:50]} 15. exd5 {[%clk 0:08:00]} Bf5 {[%clk 0:07:49]} 16. c3
{[%clk 0:07:52]} Nc4 {[%clk 0:07:18]} 17. Bxc4 {[%clk 0:07:49]} Rxc4
{[%clk 0:07:26]} 18. Qe2 {[%clk 0:06:35]} Rc8 {[%clk 0:07:04]} 19. Nd4
{[%clk 0:04:38]} Bd7 {[%clk 0:07:07]} 20. Bg5 {[%clk 0:04:34]} f6
{[%clk 0:06:42]} 21. Bf4 {[%clk 0:04:22]} Rf7 {[%clk 0:06:17]} 22. h4
{[%clk 0:04:22]} Rc5 {[%clk 0:06:21]} 23. c4 {[%clk 0:03:44]} f5 {[%clk 0:05:09]}
24. Qd3 {[%clk 0:03:46]} Qc8 {[%clk 0:03:52]} 25. b3 {[%clk 0:03:53]} Bf6
{[%clk 0:03:42]} 26. Bg5 {[%clk 0:02:58]} Qd8 {[%clk 0:02:49]} 27. Ra2
{[%clk 0:03:00]} Rc7 {[%clk 0:02:26]} 28. Rae2 {[%clk 0:03:07]} Bxg5
{[%clk 0:01:39]} 29. hxg5 {[%clk 0:03:15]} f4 {[%clk 0:01:35]} 30. f3
{[%clk 0:02:42]} Qf8 {[%clk 0:01:32]} 31. Re4 {[%clk 0:00:52]} Bf5
{[%clk 0:01:31]} 32. Nxf5 {[%clk 0:00:57]} Rxf5 {[%clk 0:01:39]} 33. Qd4
{[%clk 0:01:05]} Rb7 {[%clk 0:01:36]} 34. Kf2 {[%clk 0:01:02]} Rxg5
{[%clk 0:00:54]} 35. Rxf4 {[%clk 0:01:11]} Rf5 {[%clk 0:01:03]} 36. Ree4
{[%clk 0:01:03]} Rxf4 {[%clk 0:00:52]} 37. Rxf4 {[%clk 0:01:12]} Qg7
{[%clk 0:01:00]} 38. Qe3 {[%clk 0:01:12]} Qb2+ {[%clk 0:01:02]} 39. Kg3
{[%clk 0:01:21]} Qe5 {[%clk 0:00:25]} 40. Qxe5 {[%clk 0:01:28]} dxe5
{[%clk 0:00:34]} 41. Re4 {[%clk 0:01:37]} Kf7 {[%clk 0:00:33]} 42. Rxe5
{[%clk 0:01:45]} Rd7 {[%clk 0:00:40]} 43. Kf4 {[%clk 0:01:41]} Rd6
{[%clk 0:00:47]} 44. g4 {[%clk 0:01:49]} h6 {[%clk 0:00:51]} 45. Re3
{[%clk 0:01:50]} Kf6 {[%clk 0:00:46]} 46. Ke4 {[%clk 0:01:53]} e5
{[%clk 0:00:28]} 47. Rc3 {[%clk 0:01:51]} h5 {[%clk 0:00:24]} 48. g5+
{[%clk 0:00:57]} Kxg5 {[%clk 0:00:19]} 49. Kxe5 {[%clk 0:01:05]} Rd8
{[%clk 0:00:25]} 50. d6 {[%clk 0:01:09]} h4 {[%clk 0:00:30]} 51. f4+
{[%clk 0:01:13]} Kg4 {[%clk 0:00:37]} 52. Rc1 {[%clk 0:00:35]} h3
{[%clk 0:00:18]} 53. Rg1+ {[%clk 0:00:26]} Kf3 {[%clk 0:00:26]} 54. Ke6
{[%clk 0:00:18]} h2 {[%clk 0:00:14]} 55. Rc1 {[%clk 0:00:19]} Kxf4
{[%clk 0:00:17]} 56. d7 {[%clk 0:00:15]} g5 {[%clk 0:00:24]} 57. Rh1
{[%clk 0:00:20]} Kg3 {[%clk 0:00:29]} 58. Rd1 {[%clk 0:00:15]} g4
{[%clk 0:00:35]} 59. Rd3+ {[%clk 0:00:18]} Kg2 {[%clk 0:00:43]} 60. Rd2+
{[%clk 0:00:26]} Kh3 {[%clk 0:00:51]} 61. Ke7 {[%clk 0:00:13]} Rxd7+
{[%clk 0:00:44]} 0-1

[Event "AsianNationCup2018-WomenRapid"]
[Site "?"]
[Date "2018.07.27"]
[Round "7.1"]
[White "Khademalsharieh, Sarasadat"]
[Black "Pham, Le Thao Nguyen"]
[Result "1/2-1/2"]
[BlackElo "2456"]
[WhiteElo "2372"]
[LiveChessVersion "1.4.8"]

1. d4 {[%clk 0:15:17]} d5 {[%clk 0:15:18]} 2. c4 {[%clk 0:15:26]} c6
{[%clk 0:15:26]} 3. Nf3 {[%clk 0:15:34]} Nf6 {[%clk 0:15:34]} 4. e3
{[%clk 0:15:42]} Bf5 {[%clk 0:15:41]} 5. Nc3 {[%clk 0:15:50]} e6 {[%clk 0:15:49]}
6. Nh4 {[%clk 0:15:58]} Be4 {[%clk 0:15:55]} 7. f3 {[%clk 0:16:06]} Bg6
{[%clk 0:16:03]} 8. Qb3 {[%clk 0:16:14]} Qb6 {[%clk 0:15:28]} 9. Nxg6
{[%clk 0:15:53]} hxg6 {[%clk 0:15:34]} 10. Bd2 {[%clk 0:15:35]} Nbd7
{[%clk 0:15:19]} 11. O-O-O {[%clk 0:15:24]} Qxb3 {[%clk 0:11:36]} 12. axb3
{[%clk 0:15:33]} Bd6 {[%clk 0:11:30]} 13. h3 {[%clk 0:14:36]} O-O-O
{[%clk 0:09:48]} 14. Bd3 {[%clk 0:14:29]} Nh5 {[%clk 0:08:41]} 15. Ne2
{[%clk 0:14:16]} Ng3 {[%clk 0:08:04]} 16. Nxg3 {[%clk 0:14:23]} Bxg3
{[%clk 0:08:12]} 17. Kc2 {[%clk 0:14:14]} f5 {[%clk 0:07:39]} 18. e4
{[%clk 0:14:04]} Nf6 {[%clk 0:07:02]} 19. cxd5 {[%clk 0:12:52]} cxd5
{[%clk 0:06:47]} 20. e5 {[%clk 0:12:38]} Nd7 {[%clk 0:05:10]} 21. Bg5
{[%clk 0:10:33]} Rde8 {[%clk 0:04:31]} 22. Kd2 {[%clk 0:10:29]} Bh4
{[%clk 0:04:19]} 23. Rc1+ {[%clk 0:10:06]} Kb8 {[%clk 0:04:24]} 24. Be3
{[%clk 0:09:58]} a6 {[%clk 0:04:14]} 25. g4 {[%clk 0:09:16]} Be7 {[%clk 0:03:27]}
26. Rcg1 {[%clk 0:08:42]} Rh7 {[%clk 0:03:19]} 27. Rg3 {[%clk 0:06:33]} Reh8
{[%clk 0:03:24]} 28. Rhg1 {[%clk 0:04:54]} Rxh3 {[%clk 0:02:19]} 29. gxf5
{[%clk 0:04:59]} Rxg3 {[%clk 0:01:38]} 30. Rxg3 {[%clk 0:05:08]} gxf5
{[%clk 0:01:45]} 31. Rxg7 {[%clk 0:05:15]} Bb4+ {[%clk 0:01:53]} 32. Ke2
{[%clk 0:03:33]} Nf8 {[%clk 0:01:54]} 33. Kf1 {[%clk 0:02:47]} Rh7
{[%clk 0:01:35]} 34. Rg8 {[%clk 0:02:46]} Kc7 {[%clk 0:01:23]} 35. Kg2
{[%clk 0:02:50]} Kb6 {[%clk 0:01:00]} 36. Bg5 {[%clk 0:02:53]} Kc6
{[%clk 0:00:40]} 37. Be2 {[%clk 0:02:25]} Kd7 {[%clk 0:00:34]} 38. Bf6
{[%clk 0:02:26]} Be7 {[%clk 0:00:28]} 39. f4 {[%clk 0:01:21]} 1/2-1/2

[Event "AsianNationCup2018-WomenRapid"]
[Site "?"]
[Date "2018.07.27"]
[Round "7.2"]
[White "Hoang, Thi Bao Tram"]
[Black "Hejazipour, Mitra"]
[Result "0-1"]
[BlackElo "2250"]
[WhiteElo "2329"]
[LiveChessVersion "1.4.8"]

1. d4 {[%clk 0:15:17]} Nf6 {[%clk 0:15:13]} 2. c4 {[%clk 0:15:19]} e6
{[%clk 0:15:20]} 3. Nc3 {[%clk 0:15:18]} Bb4 {[%clk 0:15:28]} 4. e3
{[%clk 0:15:19]} O-O {[%clk 0:15:15]} 5. Bd3 {[%clk 0:15:22]} d5 {[%clk 0:15:21]}
6. Nge2 {[%clk 0:15:03]} c5 {[%clk 0:14:54]} 7. O-O {[%clk 0:15:03]} cxd4
{[%clk 0:14:06]} 8. exd4 {[%clk 0:15:10]} dxc4 {[%clk 0:14:13]} 9. Bxc4
{[%clk 0:15:18]} Nc6 {[%clk 0:13:45]} 10. Bg5 {[%clk 0:15:24]} Be7
{[%clk 0:13:49]} 11. a3 {[%clk 0:14:08]} b6 {[%clk 0:12:42]} 12. Qd3
{[%clk 0:13:30]} Bb7 {[%clk 0:12:37]} 13. Rad1 {[%clk 0:13:36]} Qd7
{[%clk 0:11:02]} 14. Ba2 {[%clk 0:09:16]} Rfd8 {[%clk 0:10:30]} 15. Bb1
{[%clk 0:07:12]} g6 {[%clk 0:10:35]} 16. h4 {[%clk 0:06:29]} Na5 {[%clk 0:08:36]}
17. Nf4 {[%clk 0:05:43]} Qc6 {[%clk 0:04:43]} 18. Qg3 {[%clk 0:05:22]} Qe8
{[%clk 0:02:18]} 19. h5 {[%clk 0:03:13]} Nd5 {[%clk 0:02:27]} 20. Ncxd5
{[%clk 0:02:22]} Bxd5 {[%clk 0:02:34]} 21. Nxd5 {[%clk 0:01:33]} Rxd5
{[%clk 0:02:22]} 22. Bxe7 {[%clk 0:01:16]} Qxe7 {[%clk 0:02:31]} 23. hxg6
{[%clk 0:01:20]} hxg6 {[%clk 0:02:40]} 24. Be4 {[%clk 0:01:23]} Rg5
{[%clk 0:02:45]} 25. Qe3 {[%clk 0:01:26]} Rd8 {[%clk 0:02:41]} 26. g3
{[%clk 0:01:03]} Nc4 {[%clk 0:02:40]} 27. Qe2 {[%clk 0:01:07]} Nd6
{[%clk 0:02:37]} 28. Bg2 {[%clk 0:01:15]} Nf5 {[%clk 0:01:39]} 29. Qe4
{[%clk 0:01:05]} Qf6 {[%clk 0:01:27]} 30. d5 {[%clk 0:00:53]} exd5
{[%clk 0:00:59]} 31. Rxd5 {[%clk 0:00:59]} Rxd5 {[%clk 0:00:58]} 32. Qxd5
{[%clk 0:01:07]} Nd4 {[%clk 0:00:53]} 33. Qa8+ {[%clk 0:00:58]} Kg7
{[%clk 0:01:03]} 34. Re1 {[%clk 0:00:52]} Ne6 {[%clk 0:00:34]} 35. Qxa7
{[%clk 0:00:47]} b5 {[%clk 0:00:36]} 36. b4 {[%clk 0:00:34]} Rh5 {[%clk 0:00:39]}
37. Qe3 {[%clk 0:00:32]} Nd4 {[%clk 0:00:32]} 38. Rd1 {[%clk 0:00:24]} Ne6
{[%clk 0:00:26]} 39. Re1 {[%clk 0:00:14]} Nd4 {[%clk 0:00:21]} 40. Rd1
{[%clk 0:00:23]} Ne6 {[%clk 0:00:31]} 41. Rc1 {[%clk 0:00:16]} Re5
{[%clk 0:00:36]} 42. Qc3 {[%clk 0:00:20]} Nd4 {[%clk 0:00:38]} 43. Bf1
{[%clk 0:00:16]} Rh5 {[%clk 0:00:26]} 44. Kg2 {[%clk 0:00:17]} Rf5
{[%clk 0:00:16]} 45. Qe3 {[%clk 0:00:23]} Rf3 {[%clk 0:00:20]} 46. Qe1
{[%clk 0:00:27]} Rxa3 {[%clk 0:00:22]} 47. Rc5 {[%clk 0:00:28]} Qf3+
{[%clk 0:00:26]} 48. Kg1 {[%clk 0:00:34]} Qf6 {[%clk 0:00:30]} 49. Kg2
{[%clk 0:00:42]} Ra2 {[%clk 0:00:17]} 50. Qe3 {[%clk 0:00:46]} Nf5
{[%clk 0:00:15]} 51. Qe5 {[%clk 0:00:51]} Nh4+ {[%clk 0:00:14]} 52. Kh3
{[%clk 0:00:46]} Rxf2 {[%clk 0:00:14]} 53. Qxf6+ {[%clk 0:00:50]} Rxf6
{[%clk 0:00:18]} 54. Bxb5 {[%clk 0:00:59]} Nf5 {[%clk 0:00:22]} 55. Bd3
{[%clk 0:01:06]} Ne3 {[%clk 0:00:25]} 56. b5 {[%clk 0:01:10]} Rd6
{[%clk 0:00:32]} 57. Be4 {[%clk 0:00:58]} f5 {[%clk 0:00:42]} 58. Bc6
{[%clk 0:01:00]} Rd2 {[%clk 0:00:34]} 59. Rc1 {[%clk 0:00:58]} g5
{[%clk 0:00:37]} 60. Be8 {[%clk 0:00:33]} Ng4 {[%clk 0:00:35]} 0-1

[Event "AsianNationCup2018-WomenRapid"]
[Site "?"]
[Date "2018.07.27"]
[Round "7.3"]
[White "Alinasab, Mobina"]
[Black "Nguyen, Thi Mai Hung"]
[Result "0-1"]
[BlackElo "2278"]
[WhiteElo "2099"]
[LiveChessVersion "1.4.8"]

1. e4 {[%clk 0:15:19]} e6 {[%clk 0:15:19]} 2. d4 {[%clk 0:15:28]} d5
{[%clk 0:15:28]} 3. Nd2 {[%clk 0:15:37]} Be7 {[%clk 0:15:34]} 4. Ngf3
{[%clk 0:15:41]} Nf6 {[%clk 0:15:33]} 5. e5 {[%clk 0:15:50]} Nfd7
{[%clk 0:15:41]} 6. Bd3 {[%clk 0:15:58]} c5 {[%clk 0:15:49]} 7. c3
{[%clk 0:16:07]} b6 {[%clk 0:15:56]} 8. Qe2 {[%clk 0:15:58]} Nc6 {[%clk 0:16:05]}
9. O-O {[%clk 0:15:53]} cxd4 {[%clk 0:16:13]} 10. cxd4 {[%clk 0:15:57]} Nb4
{[%clk 0:16:22]} 11. Bb5 {[%clk 0:15:33]} a6 {[%clk 0:16:30]} 12. Ba4
{[%clk 0:15:10]} b5 {[%clk 0:16:23]} 13. Bb3 {[%clk 0:14:36]} Qb6
{[%clk 0:13:10]} 14. Rd1 {[%clk 0:14:40]} a5 {[%clk 0:13:18]} 15. a3
{[%clk 0:14:40]} Nc6 {[%clk 0:13:23]} 16. Nf1 {[%clk 0:14:53]} a4
{[%clk 0:11:03]} 17. Bc2 {[%clk 0:14:53]} b4 {[%clk 0:11:03]} 18. axb4
{[%clk 0:14:53]} Qxb4 {[%clk 0:10:54]} 19. Qd3 {[%clk 0:08:45]} Ba6
{[%clk 0:09:17]} 20. Qe3 {[%clk 0:08:12]} Nb6 {[%clk 0:06:45]} 21. Bd2
{[%clk 0:01:12]} Qxb2 {[%clk 0:03:59]} 22. Bxa4 {[%clk 0:00:21]} Nxa4
{[%clk 0:03:59]} 23. Rxa4 {[%clk 0:00:21]} O-O {[%clk 0:04:02]} 24. Rda1
{[%clk 0:00:17]} Qb7 {[%clk 0:03:46]} 25. Ng3 {[%clk 0:00:22]} Bc4
{[%clk 0:02:27]} 26. Rxa8 {[%clk 0:00:27]} Rxa8 {[%clk 0:02:36]} 27. Rxa8+
{[%clk 0:00:36]} Qxa8 {[%clk 0:02:45]} 28. h3 {[%clk 0:00:44]} Qa1+
{[%clk 0:02:32]} 29. Kh2 {[%clk 0:00:53]} Qb1 30. Qf4 {[%clk 0:00:46]} h6
{[%clk 0:00:49]} 31. Nh5 {[%clk 0:00:16]} Qe4 {[%clk 0:00:54]} 32. Qg3
{[%clk 0:00:15]} Qg6 33. Qxg6 {[%clk 0:00:16]} fxg6 {[%clk 0:01:00]} 34. Nf4
{[%clk 0:00:20]} Kf7 35. Be3 {[%clk 0:00:24]} g5 {[%clk 0:00:46]} 36. Nh5
{[%clk 0:00:15]} Bd8 37. Ng3 {[%clk 0:00:15]} Bb6 {[%clk 0:00:39]} 38. Kg1
{[%clk 0:00:20]} Bb5 {[%clk 0:00:28]} 39. Nf1 Ke7 {[%clk 0:00:22]} 40. N1d2
{[%clk 0:00:19]} Be2 {[%clk 0:00:19]} 41. Kh2 {[%clk 0:00:13]} Na5 42. Kg3
{[%clk 0:00:14]} Nc4 {[%clk 0:00:27]} 43. Nxc4 {[%clk 0:00:14]} dxc4 44. Nd2
{[%clk 0:00:18]} c3 {[%clk 0:00:34]} 45. Nb3 Bc4 {[%clk 0:00:16]} 46. Nc1
{[%clk 0:00:23]} Kd7 {[%clk 0:00:21]} 47. h4 {[%clk 0:00:17]} gxh4+
{[%clk 0:00:27]} 48. Kxh4 Kc6 {[%clk 0:00:32]} 49. Kh5 {[%clk 0:00:12]} Kd5
{[%clk 0:00:20]} 50. Kg6 {[%clk 0:00:14]} Bxd4 {[%clk 0:00:20]} 51. Bxd4
{[%clk 0:00:21]} Kxd4 {[%clk 0:00:29]} 52. Kxg7 h5 {[%clk 0:00:13]} 53. Kf6
{[%clk 0:00:22]} c2 {[%clk 0:00:17]} 54. f4 {[%clk 0:00:13]} Ke3 {[%clk 0:00:21]}
55. f5 Kd2 {[%clk 0:00:18]} 56. fxe6 {[%clk 0:00:18]} Kxc1 {[%clk 0:00:27]} 57.
e7 {[%clk 0:00:19]} Bb5 {[%clk 0:00:36]} 0-1

[Event "AsianNationCup2018-WomenRapid"]
[Site "?"]
[Date "2018.07.27"]
[Round "7.4"]
[White "Luong, Phuong Hanh"]
[Black "Zahedifar, Anahita"]
[Result "1-0"]
[BlackElo "2083"]
[WhiteElo "2173"]
[LiveChessVersion "1.4.8"]

1. d4 {[%clk 0:15:19]} d5 {[%clk 0:15:19]} 2. c4 {[%clk 0:15:27]} c6
{[%clk 0:15:28]} 3. Nf3 {[%clk 0:15:36]} Nf6 {[%clk 0:15:37]} 4. Qc2
{[%clk 0:15:45]} dxc4 {[%clk 0:15:45]} 5. Qxc4 {[%clk 0:15:53]} Bf5
{[%clk 0:15:54]} 6. g3 {[%clk 0:15:59]} e6 {[%clk 0:16:03]} 7. Bg2
{[%clk 0:16:08]} Nbd7 {[%clk 0:16:10]} 8. O-O {[%clk 0:16:15]} Be7
{[%clk 0:16:18]} 9. Nc3 {[%clk 0:15:58]} O-O {[%clk 0:16:19]} 10. Qb3
{[%clk 0:16:07]} Qb6 {[%clk 0:15:41]} 11. Qd1 {[%clk 0:16:15]} Ne4
{[%clk 0:15:16]} 12. Na4 {[%clk 0:15:44]} Qa5 {[%clk 0:14:54]} 13. Nd2
{[%clk 0:15:52]} Ndf6 {[%clk 0:13:49]} 14. Nc4 {[%clk 0:15:29]} Qb4
{[%clk 0:13:37]} 15. b3 {[%clk 0:15:24]} Qb5 {[%clk 0:12:09]} 16. f3
{[%clk 0:15:31]} Nd6 {[%clk 0:11:47]} 17. Nxd6 {[%clk 0:15:38]} Bxd6
{[%clk 0:11:48]} 18. e4 {[%clk 0:15:48]} Bg6 {[%clk 0:11:24]} 19. e5
{[%clk 0:15:51]} Bxe5 {[%clk 0:11:27]} 20. dxe5 {[%clk 0:16:00]} Qxe5
{[%clk 0:11:32]} 21. Bf4 {[%clk 0:15:32]} Qa5 {[%clk 0:10:59]} 22. Qd2
{[%clk 0:15:31]} Qxd2 {[%clk 0:10:14]} 23. Bxd2 {[%clk 0:15:40]} Rfd8
{[%clk 0:10:09]} 24. Bg5 {[%clk 0:15:47]} b5 {[%clk 0:09:44]} 25. Nc3
{[%clk 0:15:41]} h6 {[%clk 0:08:26]} 26. Bxf6 {[%clk 0:15:46]} gxf6
{[%clk 0:08:35]} 27. Rfd1 {[%clk 0:15:52]} Bd3 {[%clk 0:07:22]} 28. f4
{[%clk 0:15:34]} Rac8 {[%clk 0:07:22]} 29. Rd2 {[%clk 0:15:38]} c5
{[%clk 0:06:13]} 30. Rad1 {[%clk 0:14:49]} c4 {[%clk 0:06:22]} 31. Nxb5
{[%clk 0:14:19]} c3 {[%clk 0:04:55]} 32. Nxc3 {[%clk 0:14:27]} Rxc3
{[%clk 0:05:04]} 33. Bf1 {[%clk 0:14:36]} e5 {[%clk 0:04:54]} 34. Rxd3
{[%clk 0:14:36]} Rdxd3 {[%clk 0:05:03]} 35. Rxd3 {[%clk 0:14:41]} Rc2
{[%clk 0:05:09]} 36. a4 {[%clk 0:14:26]} e4 {[%clk 0:05:07]} 37. Re3
{[%clk 0:14:25]} f5 {[%clk 0:05:02]} 38. g4 {[%clk 0:14:25]} fxg4
{[%clk 0:04:52]} 39. Rxe4 {[%clk 0:14:33]} Rc3 {[%clk 0:04:49]} 40. Bc4
{[%clk 0:14:28]} Kf8 {[%clk 0:04:53]} 41. Re5 {[%clk 0:14:13]} f6
{[%clk 0:04:31]} 42. Rf5 {[%clk 0:14:10]} Kg7 {[%clk 0:04:31]} 43. Ra5
{[%clk 0:14:19]} Kg6 {[%clk 0:04:31]} 44. Rxa7 {[%clk 0:14:19]} Kf5
{[%clk 0:04:40]} 45. Rf7 {[%clk 0:14:16]} Rc1+ {[%clk 0:04:44]} 46. Kf2
{[%clk 0:14:08]} Rc2+ {[%clk 0:04:52]} 47. Be2 {[%clk 0:13:58]} h5
{[%clk 0:04:32]} 48. Ke3 {[%clk 0:13:20]} Rc3+ {[%clk 0:04:07]} 49. Bd3+
{[%clk 0:13:28]} Ke6 {[%clk 0:04:16]} 50. Rb7 {[%clk 0:13:34]} Rc1
{[%clk 0:04:04]} 51. a5 {[%clk 0:13:19]} h4 {[%clk 0:03:48]} 52. Rg7
{[%clk 0:13:21]} f5 {[%clk 0:03:49]} 53. a6 {[%clk 0:12:58]} Kf6 {[%clk 0:03:46]}
54. Rg5 1-0

[Event "AsianNationCup2018-WomenRapid"]
[Site "?"]
[Date "2018.07.27"]
[Round "7.5"]
[White "Abdumalik, Zhansaya"]
[Black "Azali, Tannaz"]
[Result "1-0"]
[BlackElo "1685"]
[WhiteElo "2426"]
[LiveChessVersion "1.4.8"]

1. e4 {[%clk 0:15:18]} c5 {[%clk 0:15:19]} 2. Nf3 {[%clk 0:15:26]} e6
{[%clk 0:15:29]} 3. d4 {[%clk 0:15:35]} cxd4 {[%clk 0:15:37]} 4. Nxd4
{[%clk 0:15:44]} a6 {[%clk 0:15:46]} 5. Nc3 {[%clk 0:15:52]} b5 {[%clk 0:15:55]}
6. Bd3 {[%clk 0:15:49]} Bb7 {[%clk 0:16:03]} 7. O-O {[%clk 0:15:47]} Qc7
{[%clk 0:16:11]} 8. a3 {[%clk 0:15:27]} Nf6 {[%clk 0:16:17]} 9. Qe2
{[%clk 0:14:53]} d6 {[%clk 0:16:20]} 10. Kh1 {[%clk 0:14:57]} Be7
{[%clk 0:16:24]} 11. f4 {[%clk 0:15:02]} Nbd7 {[%clk 0:16:29]} 12. Bd2
{[%clk 0:15:10]} O-O {[%clk 0:16:30]} 13. Rae1 {[%clk 0:15:18]} Rfe8
{[%clk 0:16:20]} 14. b4 {[%clk 0:14:18]} e5 {[%clk 0:15:18]} 15. Nf5
{[%clk 0:11:54]} Bf8 {[%clk 0:15:18]} 16. Qf3 {[%clk 0:09:22]} exf4
{[%clk 0:14:26]} 17. Qxf4 {[%clk 0:09:08]} Ne5 {[%clk 0:14:18]} 18. Ne3
{[%clk 0:07:17]} Ng6 {[%clk 0:11:36]} 19. Qf3 {[%clk 0:07:01]} Re5
{[%clk 0:10:30]} 20. Ncd5 {[%clk 0:04:22]} Bxd5 {[%clk 0:10:20]} 21. exd5
{[%clk 0:03:51]} Rae8 {[%clk 0:09:00]} 22. c4 {[%clk 0:03:13]} bxc4
{[%clk 0:08:42]} 23. Nxc4 {[%clk 0:03:20]} Rxe1 {[%clk 0:08:23]} 24. Bxe1
{[%clk 0:02:51]} Ne5 {[%clk 0:08:12]} 25. Nxe5 {[%clk 0:02:51]} Rxe5
{[%clk 0:06:59]} 26. Bxa6 {[%clk 0:02:33]} Rxd5 {[%clk 0:04:22]} 27. Bh4
{[%clk 0:01:51]} Qa7 {[%clk 0:03:57]} 28. b5 {[%clk 0:01:55]} Qd4
{[%clk 0:03:30]} 29. Bxf6 gxf6 {[%clk 0:03:35]} 30. b6 {[%clk 0:01:17]} Ra5
{[%clk 0:03:02]} 31. b7 {[%clk 0:01:00]} Qb2 {[%clk 0:02:33]} 32. Bc4
{[%clk 0:00:39]} Ra7 {[%clk 0:01:32]} 33. Bb3 {[%clk 0:00:47]} 1-0

[Event "AsianNationCup2018-WomenRapid"]
[Site "?"]
[Date "2018.07.27"]
[Round "7.6"]
[White "Kalvandi, Nashmil"]
[Black "Saduakassova, Dinara"]
[Result "0-1"]
[BlackElo "2360"]
[WhiteElo "1503"]
[LiveChessVersion "1.4.8"]

1. c4 {[%clk 0:15:16]} Nf6 {[%clk 0:15:17]} 2. d4 {[%clk 0:15:24]} b6
{[%clk 0:15:22]} 3. Nc3 {[%clk 0:15:29]} Bb7 {[%clk 0:15:31]} 4. Bf4
{[%clk 0:15:29]} e6 {[%clk 0:15:34]} 5. e3 {[%clk 0:15:37]} d6 {[%clk 0:15:37]}
6. Nf3 {[%clk 0:15:40]} Be7 {[%clk 0:15:03]} 7. Be2 {[%clk 0:15:49]} Nbd7
{[%clk 0:14:54]} 8. O-O {[%clk 0:15:51]} Nh5 {[%clk 0:14:58]} 9. Bg3
{[%clk 0:15:52]} f5 {[%clk 0:14:51]} 10. Nd2 {[%clk 0:14:46]} Nxg3
{[%clk 0:14:47]} 11. hxg3 {[%clk 0:14:55]} e5 {[%clk 0:14:09]} 12. d5
{[%clk 0:13:25]} Nf6 {[%clk 0:14:06]} 13. e4 {[%clk 0:12:21]} Bc8
{[%clk 0:13:55]} 14. exf5 {[%clk 0:10:59]} Bxf5 {[%clk 0:14:02]} 15. Nf3
{[%clk 0:09:48]} O-O {[%clk 0:13:19]} 16. Rc1 {[%clk 0:06:56]} Nd7
{[%clk 0:12:12]} 17. b4 {[%clk 0:06:19]} a5 {[%clk 0:12:10]} 18. a3
{[%clk 0:06:18]} Bg5 {[%clk 0:11:01]} 19. Nxg5 {[%clk 0:05:40]} Qxg5
{[%clk 0:11:10]} 20. Bd3 {[%clk 0:05:09]} Nf6 {[%clk 0:10:59]} 21. Qc2
{[%clk 0:04:19]} Bxd3 {[%clk 0:10:34]} 22. Qxd3 {[%clk 0:04:28]} Qh5
{[%clk 0:10:33]} 23. f3 {[%clk 0:04:17]} Qg5 {[%clk 0:10:35]} 24. f4
{[%clk 0:02:35]} Qh5 {[%clk 0:10:38]} 25. Qf3 {[%clk 0:01:54]} Ng4
{[%clk 0:10:41]} 26. Rfd1 {[%clk 0:01:55]} exf4 {[%clk 0:10:40]} 27. Rd4
{[%clk 0:00:44]} Qh2+ {[%clk 0:10:43]} 28. Kf1 {[%clk 0:00:53]} fxg3
{[%clk 0:10:49]} 29. Rf4 {[%clk 0:01:00]} Rxf4 {[%clk 0:10:54]} 30. Qxf4
{[%clk 0:01:08]} Rf8 {[%clk 0:11:03]} 0-1

[Event "AsianNationCup2018-WomenRapid"]
[Site "?"]
[Date "2018.07.27"]
[Round "7.8"]
[White "Gholami Orimi, Anahita"]
[Black "Serikbay, Assel"]
[Result "1/2-1/2"]
[BlackElo "1839"]
[WhiteElo "1742"]
[LiveChessVersion "1.4.8"]

1. d4 {[%clk 0:15:19]} d5 {[%clk 0:15:19]} 2. c4 {[%clk 0:15:27]} c6
{[%clk 0:15:28]} 3. Nf3 {[%clk 0:15:05]} Nf6 {[%clk 0:15:37]} 4. e3
{[%clk 0:15:12]} a6 {[%clk 0:15:40]} 5. b3 {[%clk 0:15:11]} b5 {[%clk 0:15:31]}
6. Bd3 {[%clk 0:14:37]} Bg4 {[%clk 0:15:25]} 7. Nbd2 {[%clk 0:14:19]} Nbd7
{[%clk 0:15:06]} 8. Qc2 {[%clk 0:12:42]} e6 {[%clk 0:15:07]} 9. O-O
{[%clk 0:12:30]} Bd6 {[%clk 0:14:52]} 10. Bb2 {[%clk 0:12:32]} Rc8
{[%clk 0:13:41]} 11. c5 {[%clk 0:10:41]} Bb8 {[%clk 0:12:17]} 12. Ne5
{[%clk 0:10:26]} Bh5 {[%clk 0:10:18]} 13. h3 {[%clk 0:09:21]} O-O
{[%clk 0:09:50]} 14. f4 {[%clk 0:09:06]} Bg6 {[%clk 0:09:55]} 15. Bc3
{[%clk 0:07:48]} Nxe5 {[%clk 0:07:49]} 16. fxe5 {[%clk 0:06:12]} Bxd3
{[%clk 0:07:29]} 17. Qxd3 {[%clk 0:06:16]} Nd7 {[%clk 0:07:30]} 18. e4
{[%clk 0:05:38]} dxe4 19. Qxe4 {[%clk 0:05:06]} f6 {[%clk 0:04:47]} 20. exf6
{[%clk 0:04:11]} Rxf6 {[%clk 0:04:44]} 21. Rxf6 {[%clk 0:03:34]} Qxf6
{[%clk 0:04:53]} 22. Rf1 {[%clk 0:03:34]} Qe7 {[%clk 0:05:00]} 23. Nf3
{[%clk 0:02:40]} Nf6 24. Qh4 {[%clk 0:01:52]} Rf8 {[%clk 0:03:36]} 25. Be1
{[%clk 0:01:25]} Nd5 {[%clk 0:02:10]} 26. Qxe7 {[%clk 0:01:25]} Nxe7
{[%clk 0:02:10]} 27. Bf2 {[%clk 0:00:43]} Nd5 {[%clk 0:02:02]} 28. Re1
{[%clk 0:00:30]} Nf4 {[%clk 0:02:02]} 29. Re3 {[%clk 0:00:30]} h6 30. Be1 Kf7
{[%clk 0:01:39]} 31. Kh1 {[%clk 0:00:26]} Ke7 {[%clk 0:01:31]} 32. Bd2
{[%clk 0:00:25]} Kd7 {[%clk 0:01:32]} 33. Kg1 {[%clk 0:00:24]} g5
{[%clk 0:01:33]} 34. Ne1 {[%clk 0:00:20]} Nd5 {[%clk 0:01:29]} 35. Rf3
{[%clk 0:00:24]} 1/2-1/2